000 01274nam2a22002411 4500
001 v19\rc\1850863
005 20250620092655.0
035 _a(NLR Aleph) 005261768
090 _a5909158
_c5909158
100 _a20080221d1909 |||y0rusy50 ca
101 1 _arus
_ceng
_ceng
_ceng
_ceng
102 _aRU
105 _ay z |||||
200 1 _aПодвиги бригадира Жерара
_fПер. Н.Д. Облеухова
_a[Вокруг красной лампы
_aПриключения бригадира Жерара
_fПер. Н.Д. Облеухова
_aСобака Баскервилей
_e(Из прикл. Шерлока Холмса)
_fПер. Е.Н. Ломиковской]
210 _aСанкт-Петербург
_cП.П. Сойкин
_d[1909]
215 _a774 с. разд. паг.
461 0 _1001v19\rc\1850860
_12001#$aПолное собрание сочинений Конан Дойля$e1-$v[3]
_95909133
_aДойл, А. К. (1859-1930)
_cСанкт-Петербург
_d[1909]
_nП.П. Сойкин
_o1-
_tПолное собрание сочинений Конан Дойля
_v[3]
801 0 _aRU
_bNLR
_c20080221
_gpsbo
801 1 _aRU
_bProSoft-M
_c20080221
_2rusmarc
801 2 _aRU
_bNLR
_c20080617
_2rusmarc
852 _aNLR
_jутр.
942 _cBOOK
980 _aNB